Δραστηριότητες για την ανακάλυψη και κατανόηση του περιβάλλοντος στην προσχολική ηλικία
Αποθηκεύτηκε σε:
| Κύριος συγγραφέας: | |
|---|---|
| Άλλοι συγγραφείς: | |
| Μορφή: | Βιβλίο |
| Γλώσσα: | Greek |
| Δημοσίευση: |
Αθήνα :
Καστανιώτης,
2001.
|
| Σειρά: | Βασική βιβλιοθήκη προσχολικής εκπαίδευσης (Καστανιώτης)
; 18 |
| Θέματα: | |
| Ετικέτες: |
Προσθήκη ετικέτας
Δεν υπάρχουν, Καταχωρήστε ετικέτα πρώτοι!
|
MARC
| LEADER | 00000cam a2200000 i 4500 | ||
|---|---|---|---|
| 001 | 1/29276 | ||
| 008 | 021112s2001 gr | ||| |||| ||gre|| | ||
| 020 | |a 9600331863 | ||
| 035 | |l 10068769 | ||
| 040 | |a GR-MY-UA |b gre |e aacr | ||
| 041 | 0 | |a gre | |
| 082 | 7 | |a 372.357 |2 (22) | |
| 100 | 1 | |a Μιχαλοπούλου, Κατερίνα. | |
| 245 | 1 | 0 | |a Δραστηριότητες για την ανακάλυψη και κατανόηση του περιβάλλοντος στην προσχολική ηλικία / |c Κατερίνα Μιχαλοπούλου, Ειρήνη Χιωτάκη. |
| 260 | |a Αθήνα : |b Καστανιώτης, |c 2001. | ||
| 300 | |a 453 σ. ; |c 24 εκ. | ||
| 490 | 1 | |a (Βασική βιβλιοθήκη προσχολικής εκπαίδευσης / Καστανιώτης ; |v 18) | |
| 650 | 0 | 0 | |a Environmental education |x Activity programs. |
| 650 | 0 | 0 | |a Environmental education |x Study and teaching |z Greece. |
| 700 | 1 | |a Χιωτάκη, Ειρήνη. | |
| 830 | 0 | |a Βασική βιβλιοθήκη προσχολικής εκπαίδευσης (Καστανιώτης) |v ; 18 | |
| 852 | |a INST |b RHODES |e 20021112 |h 372.357 ΜΙΧ |p 005400016003 |q 005400016003 |t BK |y 0 | ||
| 901 | |a BIBL4-2003-1 | ||
| 909 | |a Ρ |b 101539 | ||
| 922 | |a 4ΕΛΗ |b 200210 |c ΒΙΒΛΙΟΘΗΚΗ |d ΔΕΝΤΡΟ | ||
| 950 | |a 094-2002-10-05 | ||
| 970 | |a ΚΟΥΛΑΚΙΟΤΗ |b ΛΙΤΣΑ |z 2003/01/15 | ||